000 00483nam a22001817a 4500
003 CEME
005 20210628201757.0
008 210216b xxu||||| |||| 00| 0 eng d
020 _a81-7635-509-7
040 _c.
082 _a005.133 CAD
100 _aCadenhead, Rogers
_956796
245 _aSams teach yourself java 2 in 24 hours
260 _aNEW DELHI
_bTECHMEDIA
_c2001
300 _aXV,460P
650 _aTEACH YOURSELF JAVA 2 JAVA 2 IN 24 HOURS
_956797
942 _cBK
_2ddc
999 _c567140
_d567140